000 00793nam a2200205Ia 4500
003 GCL
008 140319s9999 xx 000 0 ara d
040 _aGCL /
_cGCL
082 0 4 _a810.95
_bع ق
100 1 _aعبدالله عبدالفتاح التطاوى
245 1 0 _aقضايا الفن فى قصيدة المدح العباسية : دراسة تطبيقية فى شعر البحترى وابن المعتز /
_cعبدالله عبدالفتاح التطاوى
260 _a[S.N] :
_bدار الثقافة للنشر والتوزيع ،
_c1981
300 _a563 ص
490 _a
650 0 4 _aالادب العربى
650 0 4 _aشعر الفخر والمديح
650 0 4 _aالدولة العباسية الثانية
650 0 4 _aتاريخ ونقد
942 _2ddc
_cBK
999 _c31876
_d31876